000 00781nam a2200181Ia 4500
003 GCL
008 140319s9999 xx 000 0 ara d
040 _aGCL /
_cGCL
082 0 4 _a919.09
_bح م
100 1 _aحسن ابو العينين
245 1 0 _aمواضع المحلات العمرانية فى المنطقة الشرقية لدولة الامارات العربية المتحدة والعوامل الجغرافيه التى اثرت فيها /
_cحسن ابو العينين
700 1 _aمحمد مدحت جابر
260 _a[S.N] :
_bمعهد البحوث والدراسات العربية ،
_c1987
300 _a87 ص
490 _aسلسلة الدراسات الخاصة
_v0
650 0 4 _aالامارات العربية المتحدة
942 _2ddc
_cBK
999 _c31070
_d31070